000
00240nam a2200097Ia 4500
008
220214s9999 xx 000 0 und d
245
0
_a
Surya India
260
_b
Surya India
_a
New Delhi
500
_a
Ending Volume & Year: 1, 1976
942
_c
BJ
999
_c
19218
_d
19218